MDQL
is popping MORE tags! Check the
thread
!
Quizzes
Events
Quiz Creation
Community
Videos
Private Events
Remove Ads
Sign In
Join for FREE
Feedback
Dark Mode
Quiz Categories
Sports
Geography
Music
Movies
Television
Just For Fun
Miscellaneous
History
Literature
Language
Science
Gaming
Entertainment
Religion
Holiday
For Kids
Quiz Lab
Recent
Popular Today
Quiz Kudos Today
Editor Picks
Curator Picks
Quizzes by...
Day
Popularity
Type
Ratings
Length
Year
Community
Subscriptions
Recent Discussions
Orange Saloon
Badges
Playlists
Quests
Create
Leaderboards
Showdown
Live 5
Trivia Bingo
Activity
Puzzle Library
Sporcle Events
Private Events
Virtual Trivia
Globe League
Become a Host
Pub Owners
SporcleCon
Opinionation
Our Games
Videos
Blog
Mobile Apps
Partnerships
Remove Ads and Go Orange
Feedback
Geography
Country
Landmarks
City
State
Population
World
Capital
Continent
Flags
Europe
Africa
Asia
South America
North America
Oceania
Border
Canada
United Kingdom
Topography
United States
Geography
Country
Landmarks
City
State
Population
World
Capital
Continent
Flags
Europe
Africa
Asia
South America
North America
Oceania
Border
Canada
United Kingdom
Topography
United States
Random Quiz
Search Sporcle
×
Quiz Lab
Quiz Lab
Geography
French
Type in answers that appear in a list
Type in answers that appear in a list
Classic
Best Score? Go Orange.
French Regional Capitals Stats
Can you name the capitals of the metropolitan French regions listed?
By
marzoz10
6m
22 Questions
1,119 Plays
1,119 Plays
1,119 Plays
Comments
Comments
Give Quiz Kudos
Give Quiz Kudos
-
- Ratings
hide this ad
More Info
Forced Order
Answers have to be entered in order
Answers have to be entered in order
Replay
Link that replays current quiz
Next Quiz
Link to next quiz in quiz playlist
You Got
0%
They Got
Avg Score
76%
Avg Friend Score
Upgrade to see
Score Distribution
Jump to the score distribution portion of the page
Score
0/22
Timer
06:00
0
Plays Today
Region
Capital City
% Correct
Île-
de-
France
Paris
94.5%
Alsace
Strasbourg
94.2%
Aquitaine
Bordeaux
86.6%
Provence-
Alpes-
Côte d'Azur
Marseille
85.2%
Corse
Ajaccio
84.2%
Rhône-
Alpes
Lyon
83.7%
Bretagne
Rennes
83%
Nord-
Pas-
de-
Calais
Lille
80.7%
Midi-
Pyrénées
Toulouse
80.5%
Basse-
Normandie
Caen
80.2%
Bourgogne
Dijon
78.6%
Region
Capital City
% Correct
Centre
Orléans
76.2%
Lorraine
Metz
75.3%
Haute-
Normandie
Rouen
73.8%
Limousin
Limoges
73.5%
Pays de la Loire
Nantes
72.8%
Languedoc-
Roussillon
Montpellier
66.6%
Poitou-
Charente
Poitiers
66%
Auvergne
Clermont-Ferrand
65.2%
Picardie
Amiens
63.5%
Franche-
Comté
Besançon
61.3%
Champagne-
Ardenne
Chalons-en-Champagne
56.9%
Quiz Playlist
Details
Report
Send in Message
Add To Playlist
More Info:
* European metropolitan France, not including DOM-TOM
Classic:
Type in answers that appear in a list
Forced Order:
Answers have to be entered in order
Quiz Source
Last Updated: Feb 16, 2017
Quiz Scoreboard
CHALLENGE
Sign Up to Join the Scoreboard
Show All
Scores
Hide
Comments
May contain spoilers
Recently Published
Image Sorting: Flags VI
by Barbecue
Geography
2m
Find the 'City' Movie
by crazypaving
Movies
60s
5x2 Blitz: Bands
by SL_Kpop136
Music
30s
More to Explore
Quiz From the Vault
Featured Blog Post
14 Easter Pick-up Lines to Find Eggs With
hide this ad
You Might Also Like...
Tags
Capital Quiz
City Quiz
French Quiz
metropolitan
region
regional
Today's Top Quizzes in Geography
Browse Geography
hide this ad
Today's Top Quizzes in French
Browse French
Top Contributed Quizzes in Geography
1
Colored Red Europe Blitz I
2
Countries of the World - No Outlines Minefield
3
Colored Red Africa Blitz II
4
Colored Red Europe Blitz II
5
Colored Red Europe Blitz III
6
Colored Red Africa Blitz III
7
Colored Red States Blitz I
8
A Different View: World Oceans
9
Colored Red States Blitz II
10
Lietuvos savivaldybės (Lithuanian Municipalities)
Explore More
Trending Topics
Kpop
Marvel
Anime
NBA
Crossword
Harry Potter
Disney
Country
Puzzle
The Office
WWE
Soccer
Pokémon
Song
NFL
hide this ad
More By:
marzoz10
Quiz
Plays
Rating
Category
Featured
Created
'H' Countries
182,373
4.31
Geography
Feb 20, 2010
Country names in USA
3,256
4.46
Geography
Feb 10, 2010
Languages spoken in France
2,169
3.63
Language
Dec 23, 2009
Opening lyrics: Depeche Mode
1,932
4.33
Music
Dec 23, 2009
IPA symbol by description
1,881
4.89
Language
Apr 25, 2010
Go to Creator's Profile
Score Distribution
Quiz Creator Spotlight
marzoz10
Follow
Send a Message
Quizzes Created
-
Created Quiz Play Count
-
More By This Creator
Popular Quizzes Today
1
Colored Red Africa Blitz
2
Find the US States - No Outlines Minefield
3
Find the 'City' Movie
4
5x2 Blitz: Bands
5
The Countries of the World
6
Find the US States
7
Find the Countries of Europe - No Outlines Minefield
8
US States
More Geography Quizzes
Build Oceania 'Contiguously'
Curator's Pick
Trending Quizzes
Colored Red Europe Blitz I
Colored Red Europe Blitz II
Colored Red Africa Blitz II
Colored Red Europe Blitz III
Colored Red Africa Blitz III
Recently Updated
How Do You Spell That?
pecheneg
Godzilla Movies
pecheneg
Grab Bag: 4-10 Letters
pecheneg
2024 March Madness Bracket
pecheneg
Famous TV Couples
Peacemaker
Champions League XIs: Real Madrid
pecheneg
Largest US Cities 1790-2010
pecheneg
Rides in Walt Disney World
pecheneg
Most Oscar Losses (Acting)
pecheneg
Beyoncé Albums
pecheneg
Trending Topics
Crossword
NBA
Disney
Kpop
Marvel
Anime
Harry Potter
The Office
Puzzle
Song
Soccer
Pokémon
NFL
WWE
Country
Your Account Isn't Verified!
In order to create a playlist on Sporcle, you need to verify the email address you used during registration. Go to your
Sporcle Settings
to finish the process.
Report this User
Report this user for behavior that violates our
Community Guidelines
.
Details:
Send Report
Go to the Sporcle.com Mobile Site →
Comments